Crida de germanor a tots els pobles de la provincia de Lleida
Descripción Física:
1 díptic ; 22 cm
MARC
| LEADER | 00000nam a2200000Ia 4500 | ||
|---|---|---|---|
| 001 | 20187 | ||
| 008 | 160829s1931 xx 000 0 cat d | ||
| 080 | |a RF-7-66 | ||
| 245 | |a Crida de germanor a tots els pobles de la provincia de Lleida | ||
| 260 | |a Tàrrega : |b Imp. A. Figueras, |c 1931 | ||
| 300 | |a 1 díptic ; |c 22 cm | ||
| 590 | |a Prové de 3879, exp. 17 | ||
| 650 | |a Republicanisme |x Lleida (Província) |9 47618 | ||
| 650 | |a Nacionalisme |x Lleida (Província) |9 47619 | ||
| 856 | 4 | |u https://media.diba.cat/diba/fitxers/arxiu/fulletons/bib_20187_1931_baixa.pdf |y Accés lliure | |
| 856 | 4 | |u https://media.diba.cat/diba/fitxers/arxiu/fulletons/bib_20187_1931_baixa.pdf |y Accés lliure | |
| 901 | |a Arxiu | ||
| 942 | |n 1 |2 udc | ||
| 952 | |0 0 |1 0 |4 0 |6 RF766 |7 1 |9 54006 |a Arxiu |b Arxiu |d 2016-12-01 |l 0 |o RF-7-66 |p 20187 |r 2016-12-01 00:00:00 |w 2016-12-01 |y ARXIU | ||
| 999 | |c 57874 |d 57874 | ||
| 900 | |a bib_20187_1931_baixa.pdf | ||